| 000 | 00392nam a2200145Ia 4500 | ||
|---|---|---|---|
| 008 | 240624s9999 xx 000 0 und d | ||
| 041 | _aeng | ||
| 082 | _a658.4012 PAR | ||
| 100 | _aPAROUTIS SOTIRIOS | ||
| 245 | _aPRACTICING STRATEGY TEXT AND CASES | ||
| 250 | _a(Angwin, Duncan ed.) | ||
| 260 |
_c2013 _aLondon _bSage Publication |
||
| 300 | _aix, : 256 : p. : cm. ; 24 | ||
| 365 |
_cGBP _b38 |
||
| 999 |
_c21868 _d21868 |
||